[Event "24th ECC"]
[Site "Kallithea GRE"]
[Date "2008.10.19"]
[Round "3"]
[White "Akopian, Vl"]
[Black "Fish, G."]
[Result "1-0"]
[WhiteElo "2679"]
[BlackElo "2531"]
[PlyCount "55"]
[EventDate "2008.10.17"]
[SourceDate "1999.07.01"]

1. d4 d5 2. c4 e6 3. Nc3 c5 4. cxd5 exd5 5. Nf3 Nc6 6. g3 Nf6 7. Bg2 Be7 8. O-O
Be6 9. b3 Ne4 10. Bb2 O-O 11. Rc1 b6 12. dxc5 Nxc3 13. Bxc3 bxc5 14. e3 Qb6 15.
Qd2 Rfd8 16. Qb2 f6 17. Rfd1 a5 18. Ne1 Rac8 19. Qe2 Bf7 20. Nd3 d4 21. exd4
cxd4 22. Bxa5 Qxa5 23. Rxc6 Rxc6 24. Bxc6 Ba3 25. Nf4 Qc3 26. Bb5 g5 27. Ne6
Rd5 28. Qe4 1-0

[Event "4th Pichay Cup"]
[Site "Manila PHI"]
[Date "2008.09.15"]
[Round "3"]
[White "Kazhgaleyev, M."]
[Black "Iuldachev, S."]
[Result "1/2-1/2"]
[WhiteElo "2641"]
[BlackElo "2520"]
[PlyCount "72"]
[EventDate "2008.09.14"]
[SourceDate "1999.07.01"]

1. d4 d5 2. c4 e6 3. Nc3 c5 4. cxd5 exd5 5. Nf3 Nc6 6. Bf4 Nf6 7. e3 Be7 8. Bb5
O-O 9. O-O Bg4 10. dxc5 Bxc5 11. Rc1 Be7 12. h3 Bh5 13. Bg5 d4 14. exd4 Bxf3
15. Qxf3 Nxd4 16. Qxb7 Rb8 17. Qa6 Rxb5 18. Nxb5 Ne2+ 19. Kh1 Nxc1 20. Rxc1 Ne4
21. Bxe7 Qxe7 22. Kg1 Qb4 23. Rc8 Qe1+ 24. Kh2 Nxf2 25. Rxf8+ Kxf8 26. Qd6+ Qe7
27. Qf4 Qe1 28. Qd6+ Qe7 29. Qd4 Ne4 30. Qd5 g6 31. Qd4 Kg8 32. Kg1 Ng3 33. Qf2
Qg5 34. Nd6 Qc1+ 35. Kh2 Nf1+ 36. Kg1 Ng3+ 1/2-1/2

[Event "TCh-CZE Extraliga 2012-13"]
[Site "Czech Republic CZE"]
[Date "2012.12.02"]
[Round "4.4"]
[White "Bartel, Mat"]
[Black "Petr, Ma"]
[Result "1-0"]
[WhiteElo "2624"]
[BlackElo "2521"]
[PlyCount "141"]
[EventDate "2012.11.03"]
[SourceDate "1999.07.01"]
[WhiteTeam "1. Novoborsky SK"]
[BlackTeam "Rapid Pardubice"]

1. d4 d5 2. c4 e6 3. Nc3 c5 4. cxd5 exd5 5. Nf3 Nc6 6. Bg5 Be7 7. Bxe7 Ngxe7 8.
e3 c4 9. Be2 O-O 10. O-O b5 11. b3 Rb8 12. bxc4 bxc4 13. e4 dxe4 14. Nxe4 Bg4
15. Bxc4 Bxf3 16. Qxf3 Qxd4 17. Bb3 Ne5 18. Qf4 Rb4 19. Rfe1 N7g6 20. Qe3 a5
21. Nc3 Qh4 22. Nd5 Ng4 23. Qg3 Qxg3 24. hxg3 Rb7 25. Re4 h5 26. Rc1 Rfb8 27.
f3 N4e5 28. Rc5 Rb5 29. Rc7 Kh7 30. Nf4 f5 31. Rd4 Kh6 32. Nxg6 Kxg6 33. Rd6+
Kh7 34. Ra6 R8b6 35. Rxb6 Rxb6 36. Rc5 Nc6 37. Rxf5 Nd4 38. Rxh5+ Kg6 39. Rxa5
Nxb3 40. axb3 Rxb3 41. g4 Rc3 42. Kf2 Rc2+ 43. Kg3 Rc3 44. Kh4 Rc2 45. Ra6+ Kh7
46. g3 Rf2 47. f4 Rh2+ 48. Kg5 Rg2 49. Ra3 Rb2 50. Ra7 Rg2 51. Ra3 Rb2 52. Kf5
Rb5+ 53. Ke4 Rb4+ 54. Kf3 Rb5 55. Ra7 Rb3+ 56. Kg2 Kg8 57. Kh3 Rb5 58. Re7 Ra5
59. Re5 Ra3 60. Rb5 Kh7 61. f5 Ra6 62. g5 Ra7 63. Rb6 Ra4 64. Rb7 Kg8 65. g6
Kf8 66. g4 Ra8 67. g5 Kg8 68. f6 Kh8 69. Kg4 Rc8 70. Kh5 Ra8 71. Rxg7 1-0